01308nam a2200241 a 450000100100000000500170001000800410002704000250006808200200009310000380011324500760015126000360022730000200026359000260028365000280030965000310033791000380036895202110040695201330061795201180075095201810086899900170104900002793320240412074253.0110405t1980 dr 000 p spa d aDO-SdBNPbspacBNPHU aRD861.44bA989o1 aAyuso, Juan José,d1940-91581910aDe once varas :b(filosofía de patio) 1978/1979 /cJuan José Ayuso. aSanto Domingo :bCosmos,c1980. a75 p. ;c21 cm. aInventariado, 2018/LP 0aPoesía dominicana966 0aLiteratura dominicana.967 aValidado. Control de calidad EMS. 001054708DSaGRbGRcHDd2015-06-25iLF1l0oRD861.44 A989op27933-30r2020-06-25te. 3w2020-06-25yLFDSzPerteneció a la biblioteca personal de Chiqui Vicioso / Fidelio Despradel.ZPréstamo en sala 001054708DSaGRbGRcHDd2015-08-17iLF1l0oRD861.44 A989op27933-40r2020-06-25te. 4w2020-06-25yLFDSZPréstamo en sala 0010718PDaPDbPDcHDd2011-04-05iLF1l0oRD861.44 A989op27933-10r2020-06-25w2020-06-25yLFPDZNo se presta 0010718PDaPDbPDcHDd2015-02-16iLF1l0oRD861.44 A989op27933-20r2020-06-25te. 2w2020-06-25yLFPDzPerteneció a la biblioteca personal de Sonia Ginebra.ZNo se presta c27425d27425